Ile wiesz o róznych krajach z europy - Statystyki

Ogólne statystyki
  • Ten quiz został rozwiązany 67 razy
  • Średni wynik to 8 z 15
Statystyki odpowiedzi
pytanie odpowiedź % Poprawnych
Jaka jest stolica Czech Praga
98%
Kiedy był chszest polski 966
95%
Z jakim krajem granicy San Marino Włochy
95%
Drugie największe miasto w Polsce Kraków
93%
Najbardziej zaludnione miatso w grecji Ateny
80%
Jaka jest stolica serbi Belgrad
75%
Kiedy podała się trzecia rzesza (chodzi o rok) 1945
68%
Najwięszy kraj w europie (część azjatycka i afrykańska nie są zaliczane do europy) Ukraina
68%
Najmłodszy kraj w europie (część azjatycka i afrykańska nie są zaliczane do europy) Kosowo
66%
Jakie miasto w EU ma największą ludność Berlin
49%
Kraj w Europie z największą iloscią lasów(część azjatycka i afrykańska nie są zaliczane do europy) Finlandia
44%
Ile ludzi mieszka w wielkiej brytani(chodzi o miliony) 67 Milionów
8%
Najsmutniejszy kraj w europie(część azjatycka i afrykańska nie są zaliczane do europy) Węgry
5%
Największe miasto w austrii Dornbirn
3%
Kraj który bije inne kraje w turystyce(część azjatycka i afrykańska nie są zaliczane do europy) Islandia
2%
Nie znaleziono quizów pasujących do podanych kryteriów
Rozkład punktacji
Procent ludzi z każdym wynikiem
Percentyl według liczby udzielonych odpowiedzi
Twoja historia wyników
Nie rozwiązałeś tego quizu